000 00407nam a2200181Ia 4500
008 210210b1946 xxu||||| |||| 00| 0 eng d
041 _aeng
082 _a791/34
100 _aLOWKE
245 _aBook of swimming
260 _aNew York
_bPenguin Books
_c1946
650 _aswimming
650 _aof
650 _aBook
690 _aAthletic & Outdoor Sports
700 _aROBERTS
906 _a011079
999 _c139187
_d139187